000 01021nam a22003137a 4500
001 BR7805080
003 BR-BrBNA
005 20241209175642.0
007 ta
008 230509b bl.||||| |||| 00| 0 por d
040 _aBR-BrBNA
_bpor
_cBiblioteca Nacional de Agricultura
041 _a(Por)
072 _aC00; E50
_b/G514
090 _a C00 BR7805080
_b2024-8089
110 1 _aFundacao para o Desenvolvimento de Recursos Humanos, Porto Alegre, RS (Brasil);
_95015
110 1 _aCentro Brasileiro de Apoio a Pequena e Media Empresa, Porto Alegre, RS
245 1 _aPlano de desenvolvimento de recursos humanos do estado do Rio Grande do Sul 1978/1980 [Programa Educacional; Treinamento; Brasil]
260 3 _aPorto Alegre, RS (Brasil):
_c1978.
300 _a107 p.
500 _a3 tables
650 _aEducacao
650 _aSociologia rural
650 _aTreinamento
650 _aPrograma educacional
650 _aCurso
650 _aRecurso humano
650 _aRio Grande do Sul
942 _cBK
_2AGRIS
999 _c25796
_d25796